000 01176 a2200241 4500
001 15184
005 20260407155449.0
008 260407a1988 arg spa d
003 AR-UNSa-BCEJYS
040 _aAR-UNSa-BCEJYS
_bspa
_cAR-UNSa-BCEJYS
080 _a654
_xTelecomunicación y telecontrol (organización y servicios)
245 1 0 _aTeleinformática
_pintroducción, panoramica y perspectivas
020 _a84-283-1499-3
250 _a2a. ed.
264 1 _aMadrid :
_bParaninfo
_c1988
300 _a131 p.
_c21 cm.
505 _a1. Conceptos básicos de teleinformatica - 2. El nucleo de tratamiento: el ordenador y su periferia - 3. Los equipos terminales - 4. El medio de comunicación y su soporte - 5. Redes de transmisión de datos - 6. La interconexion entre sistemas informáticos y redes de transmisión - 7. Servicios públicos de transmisión de datos - 8. Redes de area local - 9. El futuro de la teleinformatica
942 _cBK
590 _aniveau_biblio:m niveau_hierar:0
100 1 _aGalan Pascual, Carlos
700 1 _aCordero Molano, Felix
856 4 1 _uhttps://www.biblioeco.unsa.edu.ar/pmb/images/libros/15184.jpg
_yImagen de portada
_qimage/jpeg
999 _c632
_d632